MARC details
| 000 -LEADER |
| campo de control de longitud fija |
01978nmm a2200493 a 4500 |
| 003 - IDENTIFICADOR DE NÚMERO DE CONTROL |
| campo de control |
AR-BaBNM |
| 005 - FECHA Y HORA DE LA ÚLTIMA TRANSACCIÓN |
| campo de control |
20251128203233.0 |
| 008 - DATOS DE LONGITUD FIJA--INFORMACIÓN GENERAL |
| campo de control de longitud fija |
206119s1977 ||||||||||||||000 | spa|| |
| 040 ## - FUENTE DE CATALOGACIÓN |
| Centro/agencia transcriptor |
AR-BaBNM |
| 245 10 - MENCIÓN DEL TÍTULO |
| Título |
Pasado y presente de la literatura argentina. 1 |
| Resto del título |
la novela, el cuento, el relato : 1805-1821 |
| 260 ## - PUBLICACIÓN, DISTRIBUCIÓN, ETC. |
| Lugar de publicación, distribución, etc. |
Buenos Aires |
| Nombre del editor, distribuidor, etc. |
Vernácula |
| Fecha de publicación, distribución, etc. |
1977 |
| 300 0# - DESCRIPCIÓN FÍSICA |
| Extensión |
414 p. |
| Otros detalles físicos |
il. |
| 500 0# - NOTA GENERAL |
| Nota general |
Las notas y las reseñas bio-biográfficas se encuentran en cada capáitulo |
| 500 0# - NOTA GENERAL |
| Nota general |
Contiene índice en p. 413-414 |
| 505 ## - NOTA DE CONTENIDO CON FORMATO |
| Título |
El matadero |
| Mención de responsabilidad |
Echeverría, Esteban |
| 505 ## - NOTA DE CONTENIDO CON FORMATO |
| Título |
Cartas a un amigo |
| Mención de responsabilidad |
Echeverría, Esteban |
| 505 ## - NOTA DE CONTENIDO CON FORMATO |
| Título |
Un día en Francia |
| Mención de responsabilidad |
Sarmiento, Domingo Faustino |
| 505 ## - NOTA DE CONTENIDO CON FORMATO |
| Título |
Un hombre quemado vivo |
| Mención de responsabilidad |
Sarmiento, Domingo Faustino |
| 505 ## - NOTA DE CONTENIDO CON FORMATO |
| Título |
Vindicación de Don Adolfo Mansilla |
| Mención de responsabilidad |
Sarmiento, Domingo Faustino |
| 505 ## - NOTA DE CONTENIDO CON FORMATO |
| Título |
Cartas de dos amigas |
| Mención de responsabilidad |
Sarmiento, Domingo Faustino |
| 505 ## - NOTA DE CONTENIDO CON FORMATO |
| Título |
Un viaje de Nueva York a Buenos Aires |
| Mención de responsabilidad |
Sarmiento, Domingo Faustino |
| 505 ## - NOTA DE CONTENIDO CON FORMATO |
| Título |
Esther |
| Mención de responsabilidad |
Cané, Miguel |
| 505 ## - NOTA DE CONTENIDO CON FORMATO |
| Título |
Carta prólogo |
| Mención de responsabilidad |
López, Vicente Fidel |
| 505 ## - NOTA DE CONTENIDO CON FORMATO |
| Título |
La novia del hereje, o, La Inquisición de Lima |
| Mención de responsabilidad |
López, Vicente Fidel |
| 505 ## - NOTA DE CONTENIDO CON FORMATO |
| Título |
Un drama en 15 minutos |
| Mención de responsabilidad |
Gorriti, Juana Manuela |
| 505 ## - NOTA DE CONTENIDO CON FORMATO |
| Título |
El emparedado |
| Mención de responsabilidad |
Gorriti, Juana Manuela |
| 505 ## - NOTA DE CONTENIDO CON FORMATO |
| Título |
El fantasma de un rencor |
| Mención de responsabilidad |
Gorriti, Juana Manuela |
| 505 ## - NOTA DE CONTENIDO CON FORMATO |
| Título |
Una visita infernal |
| Mención de responsabilidad |
Gorriti, Juana Manuela |
| 505 ## - NOTA DE CONTENIDO CON FORMATO |
| Título |
Yerbas y alfileres |
| 505 ## - NOTA DE CONTENIDO CON FORMATO |
| Título |
Una visita al manicomio |
| Mención de responsabilidad |
Gorriti, Juana Manuela |
| 505 ## - NOTA DE CONTENIDO CON FORMATO |
| Título |
Amalia |
| Mención de responsabilidad |
Mármol, José |
| 505 ## - NOTA DE CONTENIDO CON FORMATO |
| Título |
Memorias de un botón rosa |
| Mención de responsabilidad |
Mitre, Bartolomé |
| 650 #4 - PUNTO DE ACCESO ADICIONAL DE MATERIA--TÉRMINO DE MATERIA |
| Término de materia o nombre geográfico como elemento de entrada |
LITERATURA ARGENTINA |
| 650 #4 - PUNTO DE ACCESO ADICIONAL DE MATERIA--TÉRMINO DE MATERIA |
| Término de materia o nombre geográfico como elemento de entrada |
CUENTO [FORMA Y GENERO LITERARIO] |
| 650 #4 - PUNTO DE ACCESO ADICIONAL DE MATERIA--TÉRMINO DE MATERIA |
| Término de materia o nombre geográfico como elemento de entrada |
SIGLO DIECINUEVE |
| 650 #4 - PUNTO DE ACCESO ADICIONAL DE MATERIA--TÉRMINO DE MATERIA |
| Término de materia o nombre geográfico como elemento de entrada |
NOVELAS |
| 650 #4 - PUNTO DE ACCESO ADICIONAL DE MATERIA--TÉRMINO DE MATERIA |
| Término de materia o nombre geográfico como elemento de entrada |
ANALISIS LITERARIO |
| 650 #4 - PUNTO DE ACCESO ADICIONAL DE MATERIA--TÉRMINO DE MATERIA |
| Término de materia o nombre geográfico como elemento de entrada |
GENERACION DE 1880 |
| 655 ## - TERMINO DE INDIZACIÓN--GENERO/FORMA |
| Datos o término principal de género/forma |
LITERATURA |
| 700 1# - ENTRADA AGREGADA--NOMBRE PERSONAL |
| Nombre de persona |
Battistessa, Angel J. |
| Término indicativo de función/relación |
director |
| 700 1# - ENTRADA AGREGADA--NOMBRE PERSONAL |
| Nombre de persona |
Imbert, Julio |
| Término indicativo de función/relación |
reseñas y notas |
| 942 ## - ELEMENTOS DE ENTRADA SECUNDARIOS (KOHA) |
| Tipo de ítem Koha |
Libros |
| 998 ## - INFORMACIÓN DE CONTROL LOCAL (RLIN) |
| Iniciales del catalogador, CIN (RLIN) |
isola |